000 00650nam a22002177a 4500
001 29100
003 BD-RjUL
005 20211209051355.0
008 140402s1961 enk||||| |||| 001 0 eng d
035 _a(BD-RjUL)29185
040 _aBD-RjUL
_beng
_cBD-RjUL
_dBD-RjUL
041 _aeng
082 0 4 _a158.3
_bROO 1961
100 1 _a Rogers, Carl R
_988248
245 1 0 _aOn becoming a person :
_ba therapist's view of psychotherapy /
_cby Carl R Rogers
260 _aBoston :
_bHoughton Mifflin Company,
_c ©1961.
300 _axi, 420 p. ;
_c 23 cm.
504 _aInclude index
650 0 _aClient-centered psychotherapy.
_988249
942 _2ddc
_cBK
999 _c29100
_d29100